000 01058nam a2200265Ia 4500
003 OSt
005 20221005103300.0
006 a|||||r|||| 00| 0
007 ta
008 221004b |||||||| |||| 00| 0 hin d
020 _a8190277251 (hbk)
_c125
024 _a13263
037 _bSP/3343, 19/03/2014, Star Publications Pvt. Ltd.
_cTextual
040 _aCRL
_cCRL
_bhin
041 _2hin
_ahin
082 _aP152,3:g, Q1
100 _aभाटिया, गेलजी
245 0 _aहिन्दी गुजराती शब्दों का भाषा वैज्ञानिक अध्ययन
246 _aHindī gujarātī shabdoan kā bhāṣhā vaijnyānik adhyayana
260 _aगाजियाबाद
_bलता साहित्य सदन भारत
_c2011
300 _a60पृ0
_ccm.
650 _aहिन्दी भाषा
942 _hP152,3:g, Q1
_cTEXL
_2cc
999 _c1009788
_d1009788